Reconstructing Conflict: Integrating War and Post-War Geographies / (Record no. 592806)
[ view plain ]
| 000 -LEADER | |
|---|---|
| fixed length control field | 00526nam a22001337a 4500 |
| 020 ## - INTERNATIONAL STANDARD BOOK NUMBER | |
| International Standard Book Number | 978-1409404705 |
| 040 ## - CATALOGING SOURCE | |
| Transcribing agency | NUST |
| 082 ## - DEWEY DECIMAL CLASSIFICATION NUMBER | |
| Classification number | 355.02,REC |
| 245 ## - TITLE STATEMENT | |
| Title | Reconstructing Conflict: Integrating War and Post-War Geographies / |
| Statement of responsibility, etc. | Edition by Scott Kirsch, Colin Flint |
| 260 ## - PUBLICATION, DISTRIBUTION, ETC. | |
| Place of publication, distribution, etc. | USA |
| Name of publisher, distributor, etc. | Ashgate |
| Date of publication, distribution, etc. | 2011 |
| 300 ## - PHYSICAL DESCRIPTION | |
| Extent | XI, 330 p.: |
| 505 ## - FORMATTED CONTENTS NOTE | |
| Formatted contents note | Part-1: Introduction (Page-3), Part-2: Geographies of War and Reconstruction (Page-31), Part-3: hegemony and Conflict: Rethinking Peace (Page-179). |
| 942 ## - ADDED ENTRY ELEMENTS (KOHA) | |
| Source of classification or shelving scheme | |
| Koha item type | Book |
| Call number suffix | 355.02,REC |
| Withdrawn status | Lost status | Source of classification or shelving scheme | Damaged status | Not for loan | Permanent Location | Current Location | Shelving location | Date acquired | Total Checkouts | Full call number | Barcode | Date last seen | Price effective from | Koha item type | Public note |
|---|---|---|---|---|---|---|---|---|---|---|---|---|---|---|---|
| Military College of Signals (MCS) | Military College of Signals (MCS) | General Stacks | 12/26/2022 | 355.02,REC | MCS37651 | 02/26/2026 | 12/26/2022 | Book | Almirah No.52, Shelf No.3 |
